000 00494nmm a2200169Ia 4500
008 251105s9999||||xx |||||||||||||||||und||
020 _a9781621690344
041 _aspa
100 _aKoontz, Robin
245 0 _aLos tres pequeños recicladores
264 _a[Madrid, España] :
_bRourke Educational Media,
_c2012
300 _a24 páginas
490 _aAlitas azules. Niveles 2-3
650 _aAges 6-8 Years Old
856 _uhttps://public.digitaliapublishing.com/a/24870
942 _cCF
999 _c75253
_d75253